000
00245nam a2200097Ia 4500
005
20251222154334.0
008
251222s9999||||xx |||||||||||||| ||spa||
082
_a
REF.985.008/C76/T.XXV/V.I
245
0
_a
El teatro en la independencia
942
_c
LIB
999
_c
34281
_d
34281